000 01193cam a2200349Ia 4500
001 50367
005 20230411090002.0
008 041203s2003 flua b 000 0 eng d
035 _a(OCoLC)ocm57141865
040 _aPNX
_cPNX
_dOCLCQ
_dBAKER
_dYDXCP
020 _a0829738711
020 _a9780829738711
035 _a(OCoLC)57141865
041 1 _aspa
_heng
082 4 _a248.4
049 _aGRAL
100 1 _aWarren, Rick.
240 1 0 _aPurpose-driven life prayer journal.
_lSpanish
245 1 4 _aUna vida con propósito diario de oración /
_cRick Warren ; [traducción, Marcela Robaina].
246 1 _iSubtitle on cover:
_aDiario devocional y cuaderno de notas
260 _aMiami, FL :
_bEditorial Vida,
_cc2003.
300 _a1 v. (unpaged) :
_bill. ;
_c24 cm.
500 _a"Cuaderno de notas : Una vida con propósito."
504 _aIncludes bibliographical references.
500 _aTranslation of: The purpose-driven life prayer journal.
650 0 _aChristian life.
936 _aJAH
938 _aBaker & Taylor
_bBKTY
_c9.99
_d7.49
_i0829738711
_n0006057118
_sactive
938 _aYBP Library Services
_bYANK
_n2640630
942 _2lcc
_cbk
994 _aC0
_bDRFGD
999 _c110430
_d110430